000 00373nam a2200133Ia 4500
008 151001s9999||||xx |||||||||||||| ||und||
100 _aसुदर्शन भाटीया
245 _aमहर्षी अरविंद
250 _a1
260 _bराजकुमार एड सन्स
260 _c2005
300 _a231
365 _b21
999 _c986048
_d986045